De la Alsacia al Bio-Bio: el oficial napoleónico Frederic de Brandsen en las campañas de la Independencia de Chile 1815-1819.

Salvato in:
Dettagli Bibliografici
Autore principale: Cartes Montory, Armando (autor)
Altri autori: Puigmal, Patrick (autor)
Natura: Libro
Pubblicazione: Osorno, Chile: Universidad de los Lagos, 2008.
Edizione:1ª edición
Serie:Documentos
Soggetti:
Tags: Aggiungi Tag
Nessun Tag, puoi essere il primo ad aggiungerne!!

MARC

LEADER 00000cam a2200000 a 4500
001 UCI9335
003 CL-VaPUC
005 20241018104851.0
008 241018t2008 ||||| |||| 00| 0 eng d
999 |c 331894  |d 331892 
020 |a 978-956-852-4012 
040 |c Pontificia Universidad Católica de Valparaíso 
082 0 4 |a 983.04 CAR 2008  |2 21 
100 |a Cartes Montory, Armando  |9 885731  |e autor 
245 1 0 |a De la Alsacia al Bio-Bio: el oficial napoleónico Frederic de Brandsen en las campañas de la Independencia de Chile 1815-1819. 
250 |a 1ª edición 
260 |a Osorno, Chile:  |b Universidad de los Lagos,  |c 2008. 
300 |a 147 páginas. 
490 0 |a Documentos 
500 |a c.4 Donación Profesor Sr, Eduardo Cavieres. 5-08-2019. Para Eduardo, Un paso más hacia el descubrimiento a el mejor conocimiento sobre el aporte de los Francis durante la emancipación de Chile. Con Cariño Patrick 
583 |a last modification  |c 20190809 09:46:38  |k Rodrigo Vera 
650 0 |a Historia de Chile   |9 322385 
650 0 |a Biografías  |9 255210 
650 0 |a Militares   |9 336881 
700 |a Puigmal, Patrick  |9 497088  |e autor 
942 |c BK  |2 ddc 
945 |d 20081113 00:00:00  |a rbrito 
952 |0 0  |1 0  |2 ddc  |4 0  |6 983_040000000000000_CAR_2008  |7 0  |8 A  |9 419101  |a BIBHIS  |b BIBHIS  |d 2019-11-22  |i 4496469  |o 983.04 CAR 2008  |p 4496469  |r 2025-01-20  |t 1  |w 2019-11-22  |y BK  |k HIS 
952 |0 0  |1 0  |2 ddc  |4 0  |6 983_040000000000000_CAR_2008  |7 0  |8 A  |9 419102  |a BIBHIS  |b BIBHIS  |d 2019-11-22  |i 4496477  |o 983.04 CAR 2008  |p 4496477  |r 2025-01-20  |t 2  |w 2019-11-22  |y BK  |k HIS 
952 |0 0  |1 0  |2 ddc  |4 0  |6 983_040000000000000_CAR_2008  |7 0  |8 A  |9 419103  |a BIBHIS  |b BIBHIS  |d 2019-11-22  |i 4499581  |o 983.04 CAR 2008  |p 4499581  |r 2025-01-20  |t 3  |w 2019-11-22  |y BK  |k HIS 
952 |0 0  |1 0  |2 ddc  |4 0  |6 983_040000000000000_CAR_2008  |7 0  |8 X  |9 419104  |a FDOBUD  |b FDOBUD  |d 2019-11-22  |i 4596579  |o 983.04 CAR 2008  |p 4596579  |r 2019-11-22  |t 5  |w 2019-11-22  |y BK_X  |k BUD 
952 |0 0  |1 0  |2 ddc  |3 erb  |4 0  |6 983_040000000000000_CAR_2008  |7 0  |8 X  |9 419105  |a FDOBUD  |b FDOBUD  |i 5594707  |o 983.04 CAR 2008  |p 5594707  |r 2019-11-22  |t 4  |w 2019-11-22  |y BK_X  |z Catalogado en:20190809  |k BUD